|
|
|
|
| LEADER |
02523nam a2200697 i 4500 |
| 001 |
nkc20172907642 |
| 003 |
CZ PrNK |
| 005 |
20171006132707.0 |
| 007 |
ta |
| 008 |
170711s2016 xr f 001 0 cze |
| 015 |
|
|
|a cnb002907642
|
| 020 |
|
|
|a 978-80-7007-470-1
|q (vázáno)
|
| 035 |
|
|
|a (OCoLC)1005709356
|
| 040 |
|
|
|a BOA001
|b cze
|e rda
|
| 041 |
1 |
|
|a cze
|b eng
|h und
|
| 043 |
|
|
|a e------
|a a------
|
| 072 |
|
7 |
|a 316.4
|x Sociální procesy
|2 Konspekt
|9 18
|
| 080 |
|
|
|a 316.3
|2 MRF
|
| 080 |
|
|
|a 316.422
|2 MRF
|
| 080 |
|
|
|a 316.42
|2 MRF
|
| 080 |
|
|
|a 316.733+304.44
|2 MRF
|
| 080 |
|
|
|a 316.72/.73
|2 MRF
|
| 080 |
|
|
|a (4)
|2 MRF
|
| 080 |
|
|
|a (5)
|2 MRF
|
| 080 |
|
|
|a (048.8:082)
|2 MRF
|
| 245 |
0 |
0 |
|a Modernita/modernity v eurasijských kulturních a civilizačních kontextech /
|c Milan Kreuzzieger, Ondřej Lánský (eds.)
|
| 250 |
|
|
|a Vydání první
|
| 264 |
|
1 |
|a Praha :
|b Filosofia,
|c 2016
|
| 300 |
|
|
|a 366 stran ;
|c 20 cm
|
| 336 |
|
|
|a text
|b txt
|2 rdacontent
|
| 337 |
|
|
|a bez média
|b n
|2 rdamedia
|
| 338 |
|
|
|a svazek
|b nc
|2 rdacarrier
|
| 490 |
1 |
|
|a Filosofie a sociální vědy ;
|v 56
|
| 500 |
|
|
|a Částečně přeloženo
|
| 504 |
|
|
|a Obsahuje bibliografii, bibliografické odkazy a rejstřík
|
| 546 |
|
|
|a Anglické resumé
|
| 550 |
|
|
|a Vydavatel: Filosofický ústav AV ČR, v.v.i.
|
| 650 |
0 |
7 |
|a společnost
|7 ph116245
|z Evropa
|2 czenas
|
| 650 |
0 |
7 |
|a společnost
|7 ph116245
|z Asie
|2 czenas
|
| 650 |
0 |
7 |
|a modernizace
|7 ph114971
|2 czenas
|
| 650 |
0 |
7 |
|a sociální změna
|7 ph125820
|2 czenas
|
| 650 |
0 |
7 |
|a kulturní změna
|7 ph114000
|2 czenas
|
| 650 |
0 |
7 |
|a dialog kultur
|7 ph478605
|2 czenas
|
| 650 |
0 |
9 |
|a society
|z Europe
|2 eczenas
|
| 650 |
0 |
9 |
|a society
|z Asia
|2 eczenas
|
| 650 |
0 |
9 |
|a modernization
|2 eczenas
|
| 650 |
0 |
9 |
|a social change
|2 eczenas
|
| 650 |
0 |
9 |
|a cultural change
|2 eczenas
|
| 650 |
0 |
9 |
|a dialogue of cultures
|2 eczenas
|
| 655 |
|
7 |
|a kolektivní monografie
|7 fd501537
|2 czenas
|
| 655 |
|
9 |
|a collective monographs
|2 eczenas
|
| 700 |
1 |
|
|a Kreuzzieger, Milan,
|d 1962-
|7 jn20000401490
|4 edt
|
| 700 |
1 |
|
|a Lánský, Ondřej,
|d 1981-
|7 js20080328003
|4 edt
|
| 710 |
2 |
|
|a Filosofický ústav (Akademie věd ČR)
|7 kn20010709007
|4 isb
|
| 830 |
|
0 |
|a Filosofie a sociální vědy
|0 s
|
| 910 |
2 |
|
|a BOA001
|b 1-1389.663
|
| 990 |
|
|
|a BK
|
| 995 |
|
|
|a 01
|
| 991 |
|
|
|b 201707
|c NOV
|
| 996 |
6 |
|
|b 2610713878
|c 1-1389.663
|l MZK
|r Sklad / do 1 hodiny
|n 0
|p p.v.
|w 001620798
|u 000010
|a 1
|e BOA001
|j MZK50
|s P
|
| 996 |
7 |
|
|b 2610715772
|c 1-1389.663
|l MZK
|r Sklad / do 1 hodiny
|n 0
|p kup
|w 001620798
|u 000020
|a 1
|e BOA001
|j MZK50
|s A
|